000 00958nam a22002177a 4500
005 20150929104102.0
008 150929b py ||||| |||| 00| 0 spa d
050 0 4 _aKG110.A35
_bC66 1998
245 0 0 _aCompilación de tratados de derecho internacional privado suscritos en el sistema interamericano entre 1888 Y 1994 :
_bTratados de Montevideo y convenciones interamericanas sobre derecho internacional privado /
_cCorte Suprema de Justicia ; coordinador Elixeno Ayala.
250 _a1a ed.
260 _aAsunción, Paraguay :
_bCorte Suprema de Justicia
260 _bCentro Internacional de Estudios Judiciales,
_c1998
300 _axii, 813 p. :
_bil. ;
_c22 cm.
504 _aIncluye bibliografía
650 7 _2LEMB
_aConflicto de leyes
_zAmérica
650 7 _2LEMB
_aConflicto de leyes
_zParaguay
650 7 _2LEMB
_aDerecho internacional
700 1 _aAyala, Elixeno,
_ecoord.
710 1 _aParaguay
_bCorte Suprema de Justicia
942 _2lcc
_cLIB
999 _c101931
_d101931